• 首页
  • 本馆介绍
  • 公告通知
  • 最新文献
  • 馆藏检索
  • 电子资源
  • 读者导购
  • 参考咨询
  • 我的图书馆
  • 登录
  • 详细信息显示
  • 放入我的书架
  • 预约/预借图书
  • 作者相关作品
  • 分类相关作品
  • 丛书相关作品
  • 出版社相关作品

书目信息

  • 表格格式
  • 工作单格式
  • 卡片格式
题名:
另眼看管理
    
 
作者: 付涛 编著
分册:  
出版信息: 北京   中国经济出版社  2006
页数: 247页
开本: 21cm
丛书名:
单 册:
中图分类: C93-05
科图分类:
主题词: 管理心理学
电子资源:
ISBN: 7-5017-7214-2
000 01171nam0 2200313 450
000 01134nam0 2200301 450
000 01103nam0 2200301 450
000 01049nam0 2200277 450
000 01100nam0 2200265 450
000 01063nam0 2200253 45
005 20061209170707.76
010    @a7-5017-7214-2@dCNY18.00
100    @a20060829d2006 ekmy0chiy0120 ea
101 0  @achi
102    @aCN@b110000
105    @ay z 000yy
200 1  @a另眼看管理@ALing Yan Kan Guan Li@e74个心理学实验中的管理启示@E74 Ge Xin Li Xue Shi Yan Zhong De Guan Li Qi Shi@f付涛编著@FFu Tao Bian Zhu
210    @a北京@c中国经济出版社@d2006
215    @a247页@d21cm
330    @a本书包括:计划决策篇、领导激励篇、组织人事篇、控制协调篇、自我修炼篇几篇内容。
517 1  @a74个心理学实验中的管理启示@A74 Ge Xin Li Xue Shi Yan Zhong De Guan Li Qi Shi
606 0  @a管理心理学
690    @aC93-05@v4
701  0 @a付涛@AFu Tao@4编著
801  0 @aCN@b中图数据@c20061209
905    @a10447@dC93-05@e239
    
    另眼看管理:74个心理学实验中的管理启示/付涛编著.-北京:中国经济出版社,2006
    247页;21cm
    
    
    ISBN 7-5017-7214-2:CNY18.00
    本书包括:计划决策篇、领导激励篇、组织人事篇、控制协调篇、自我修炼篇几篇内容。
●
相关链接 在E读中查询图书 在五车中查询图书 在当当中查询图书 在豆瓣中查询图书


正题名:另眼看管理     索取号:C93-05/239         预约/预借

序号 登录号 条形码 馆藏地/架位号 状态 备注
1 0615317   206153179   第一样本阅览室/ [索取号:C93-05/239] 在馆    
2 0615318   206153188   第一借阅区/ [索取号:C93-05/239] 在馆    
3 0615319   206153197   教育系资料室/ [索取号:C93-05/239] 在馆    
4 0615320   206153204   教育系资料室/ [索取号:C93-05/239] 在馆    
5 0615321   206153213   第一借阅区/ [索取号:C93-05/239] 在馆    
6 0615322   206153222   第一借阅区/ [索取号:C93-05/239] 在馆    
7 0615323   206153231   教育系资料室/ [索取号:C93-05/239] 在馆    
8 0615324   206153240   教育系资料室/ [索取号:C93-05/239] 在馆    
唐山师范学院图书馆 欢迎您!
大连网信软件有限公司© 版权所有